Guess the TV Theme Song Lyrics #3 - Statistics

General Stats
  • This quiz has been taken 32 times
  • The average score is 86 of 112
Answer Stats
Answer % Correct
a
100%
the
100%
The
100%
of
92%
Who
92%
All
88%
all
88%
And
88%
his
88%
was
88%
we
88%
when
88%
in
85%
it
85%
They
85%
they
85%
Brady
81%
family
81%
that
81%
That
81%
them
81%
Bunch
77%
girls
77%
man
77%
men
77%
one
77%
story
77%
very
77%
boys
73%
day
73%
had
73%
It's
73%
lady
73%
like
73%
lovely
73%
their
73%
this
73%
three
73%
together
73%
up
73%
way
73%
were
73%
Here's
69%
named
69%
own
69%
That's
69%
became
65%
curls
65%
fellow
65%
hair
65%
met
65%
mother
65%
gold
62%
knew
62%
much
62%
with
62%
youngest
62%
form
58%
living
58%
alone
54%
bringing
54%
more
54%
than
54%
four
50%
group
50%
hunch
46%
Yet
46%
Brady Bunch
42%
must
42%
somehow
42%
Til
38%
busy
27%
No matching quizzes found
Score Distribution
Percent of People with Each Score
Percentile by Number Answered
Your Score History
You have not taken this quiz